000 00227nam a22000857a 4500
008 160630b xxu||||| |||| 00| 0 eng d
100 _91482
_a Negi, J
245 _aFood and Beverage
260 _aNew Delhi
_bKanishka Publication
_c2004
999 _c1227
_d1227